00639cam a22001937a 450000100100000000500170001000800410002701000130006802000250008104000230010605000220012910000340015124500500018526000340023530000210026991000330029095201050032399900170042800001986220200929170152.0870819s1986 fr 000 0 fre  a87869162 a2070707903 :c94.00F aDO-SdBNPcDLCdDLC00aMLCS 87/05149 (P)1 aMetellus, Jean,d1937-94238612aL'annee Dessalines :broman /cJean Metellus. a[Paris] :bGallimard,cc1986. a281 p. ;c21 cm. aCatalogación derivada / LC 001050718MOaGRbGRcCTd2010-07-08iLF1l0o p19862-10r2020-06-25w2020-06-25y1ZNo se presta c19375d19375